00359nam a2200109Ia 4500008004100000082000800041100001700049245006700066942000600133952009500139999001500234240331s9999 xx 000 0 und d bMOU aMounaguru, S 0aPerasiriyar Ediriweera Sarachchandravum eelathu nadaga marabum cL 001040708LaWERCLbWERCLcSSCd2024-03-31l0o 792 MOUp2639r2024-03-31w2024-03-31yL c3681d3681